000 00628nam a2200241Ia 4500
003 OSt
005 20221005114050.0
006 a|||||r|||| 00| 0
007 ta
008 221004b |||||||| |||| 00| 0 mal d
024 _a54949
037 _cTextual
040 _aCRL
_cCRL
_bmal
041 _2mal
_amal
082 _aO32,1MNA,2, H4
100 _aPisharody Narayana
_9625394
245 0 _aAmruthalahari
260 _c1944
650 _a MALAYALAM POETRY
_9185636
650 _aMALAYALAM LITERATURE
_938866
942 _hO32,1MNA,2, H4
_cTEXL
_2cc
999 _c1030131
_d1030131